[Event "BL 2018-19"]
[Site "Berlin"]
[Date "2019.03.03"]
[Round "11.24"]
[White "Seyb, Alexander"]
[Black "Schmittdiel, Eckhard"]
[Result "1/2-1/2"]
[WhiteElo "2416"]
[BlackElo "2436"]
[Annotator "TA"]
[PlyCount "129"]
[EventDate "2018.11.10"]
[EventType "team-tourn"]
[EventCountry "GER"]
[SourceTitle "playchess.com"]
[Source "ChessBase"]
[SourceQuality "1"]
[WhiteTeam "SF Berlin"]
[BlackTeam "Augsburg"]

{[%evp 21,129,27,35,44,37,40,32,30,95,24,29,17,25,9,16,8,22,14,22,0,8,0,0,0,35,17,44,44,30,9,31,8,31,10,10,0,17,16,75,66,75,75,86,67,83,88,88,87,90,87,85,85,90,86,77,69,66,61,73,72,107,91,100,93,98,107,126,96,91,100,146,146,146,108,162,150,168,152,145,52,70,73,84,104,92,79,60,67,106,19,19,6,6,6,6,6,6,6,6,6,6,6,12,0,0,0,12,0,0,0]} 1. e4 c5 2. Nf3 Nc6 3. d4 cxd4 4. Nxd4 e5 5. Nb5 d6 6. N1c3 a6 7. Na3 b5 8. Nd5 Be7 9. c4 b4 10. Nc2 a5 11. Bd3 Nf6 12. O-O {B32: Sicilian: Löwenthal and Kalashnikov Variations} O-O 13. b3 Nd7 14. a3 {White is slightly better.} Nc5 (14... bxa3 $11 15. Rxa3 (15. Bxa3 Nc5 $11) (15. Nxa3 Nb4 $14) 15... Rb8) 15. Nce3 (15. Nxe7+ $16 Nxe7 16. axb4 Nxb3 17. Ra3 Nxc1 18. Qxc1) 15... bxa3 $11 16. Rxa3 Rb8 17. Bc2 Bg5 18. Bd2 Be6 19. Bc3 Nb4 $146 ({Predecessor:} 19... Rb7) 20. Qe2 Rb7 21. Rfa1 Bxe3 22. Nxe3 {[%cal Bd5e3,Be3d1,Bd1f2,Bf2d3][%mdl 32]} Qb8 23. Bxb4 axb4 24. Ra5 Qc7 25. Nd1 g6 26. f3 Kg7 27. Nf2 Rfb8 28. Nd3 f6 29. Qe3 {[%cal Rd3c5]} Nxd3 (29... Rc8 $11) 30. Bxd3 $16 Bf7 31. g3 Rc8 32. Kf2 Qe7 33. Ra6 Be8 34. Bf1 Rc6 35. Ra8 Bd7 36. Qd2 Be6 37. R1a4 Rcb6 38. Bd3 Qc7 39. Qe3 Qc5 40. R8a5 Qxe3+ 41. Kxe3 Bd7 42. Ra1 Kf7 43. f4 Rc7 44. Be2 Ke7 45. Ra8 Bc8 46. h4 Kf7 47. Bf3 Ke7 (47... h5 $16 48. f5 gxf5) 48. h5 $18 gxh5 49. Rh1 Ra6 50. Rb8 ({Not} 50. Rxh5 $2 Rxa8 51. Rxh7+ Kd8 $19) (50. Rxa6 $16 Bxa6 51. Rxh5) 50... Ra3 51. Rxb4 Rb7 52. Rxb7+ Bxb7 $16 {[%mdl 4096] Endgame KRB-KRB} 53. Rb1 ({Much worse is} 53. Rxh5 Rxb3+ 54. Kf2 Rb2+ 55. Kf1 h6 $11) 53... Ra2 54. Bxh5 Rg2 55. fxe5 (55. f5 $16) 55... fxe5 $11 {The position is equal.} 56. Kf3 Rc2 57. Re1 Rb2 58. Re3 Bc6 59. Bg4 Be8 60. Bf5 h5 61. Rd3 Bf7 62. Bh3 Be6 63. Bf5 Bf7 64. Bh3 Be6 65. Bf5 {Accuracy: White = 56%, Black = 46%.} 1/2-1/2

[Event "BL 2018-19"]
[Site "Berlin"]
[Date "2019.03.03"]
[Round "11.24"]
[White "Wegerle, Joerg"]
[Black "Margolin, Boris"]
[Result "1-0"]
[WhiteElo "2409"]
[BlackElo "2386"]
[Annotator "NA"]
[PlyCount "77"]
[EventDate "2018.11.10"]
[EventType "team-tourn"]
[EventCountry "GER"]
[SourceTitle "playchess.com"]
[Source "ChessBase"]
[SourceQuality "1"]
[WhiteTeam "Solingen"]
[BlackTeam "SV Hofheim"]
[TimeControl "40/6000+30:3000+30"]

1. d4 {[%emt 0:00:00]} g6 {[%emt 0:07:33]} 2. e4 {[%emt 0:04:21]} Bg7 {[%emt 0:01:03]} 3. Nf3 {[%emt 0:00:30]} d6 {[%emt 0:01:02]} 4. Nc3 {[%emt 0:01:18]} a6 {[%emt 0:02:35]} 5. Be3 {[%emt 0:09:32]} b5 {[%emt 0:01:07]} 6. Bd3 {[%emt 0:02:10]} Nd7 {[%emt 0:02:24]} 7. a4 {[%emt 0:07:43]} b4 {[%emt 0:02:56]} 8. Ne2 {[%emt 0:00:54]} Ngf6 {[%emt 0:13:33]} 9. Qd2 {[%emt 0:07:21]} Rb8 {[%emt 0:07:14]} 10. Bh6 {[%emt 0:08:18]} Bxh6 {[%emt 0:05:01]} 11. Qxh6 {[%emt 0:00:23]} e5 {[%emt 0:00:05]} 12. O-O {[%emt 0:13:19]} Ng4 {[%emt 0:05:45]} 13. Qd2 {[%emt 0:02:48]} O-O {[%emt 0:00:48]} 14. h3 {[%emt 0:03:40]} Ngf6 {[%emt 0:01:20]} 15. Qh6 {[%emt 0:01:22]} Re8 {[%emt 0:05:38]} 16. Ng5 {[%emt 0:10:36]} Re7 {[%emt 0:07:41]} 17. f4 {[%emt 0:03:15]} Qf8 {[%emt 0:01:33]} 18. Qxf8+ {[%emt 0:03:51]} Kxf8 {[%emt 0:00:19]} 19. fxe5 {[%emt 0:00:22]} dxe5 {[%emt 0:00:34]} 20. dxe5 {[%emt 0:00:16]} Rxe5 {[%emt 0:00:24]} 21. Nf3 {[%emt 0:00:30]} Rc5 {[%emt 0:02:29]} 22. e5 {[%emt 0:08:17]} Ne8 {[%emt 0:04:19]} 23. Ned4 {[%emt 0:00:59]} Kg7 {[%emt 0:08:27]} 24. Nb3 {[%emt 0:03:08]} Rxe5 {[%emt 0:02:21]} 25. Nxe5 {[%emt 0:01:03]} Nxe5 {[%emt 0:00:03]} 26. Rae1 {[%emt 0:02:45]} f6 {[%emt 0:02:46]} 27. a5 {[%emt 0:02:28]} Nd6 {[%emt 0:05:13]} 28. Rf4 {[%emt 0:03:12]} Bf5 {[%emt 0:04:25]} 29. Bxa6 {[%emt 0:03:28]} g5 {[%emt 0:02:09]} 30. Rf2 {[%emt 0:00:47]} Ra8 {[%emt 0:00:45]} 31. Bf1 {[%emt 0:00:55]} c5 {[%emt 0:00:59]} 32. Rd1 {[%emt 0:01:45]} Nef7 {[%emt 0:00:40]} 33. a6 {[%emt 0:01:47]} c4 {[%emt 0:00:48]} 34. Nc5 {[%emt 0:00:23]} Bc8 {[%emt 0:03:04]} 35. Rfd2 {[%emt 0:00:27]} Nf5 {[%emt 0:00:36]} 36. Bxc4 {[%emt 0:00:47]} Ne3 {[%emt 0:00:33]} 37. Bxf7 {[%emt 0:00:42]} Kxf7 {[%emt 0:00:34]} 38. Re1 {[%emt 0:00:43]} Nc4 {[%emt 0:00:51]} 39. Rd8 {[%emt 0:00:36]} 1-0

[Event "BL 2018-19"]
[Site "Berlin"]
[Date "2019.03.03"]
[Round "11.25"]
[White "Mons, Leon"]
[Black "Almasi, Zoltan"]
[Result "0-1"]
[WhiteElo "2554"]
[BlackElo "2682"]
[Annotator "TA"]
[PlyCount "64"]
[EventDate "2018.11.10"]
[EventType "team-tourn"]
[EventCountry "GER"]
[SourceTitle "playchess.com"]
[Source "ChessBase"]
[SourceQuality "1"]
[WhiteTeam "Zugzwang Muenchen"]
[BlackTeam "Dresden"]

{[%evp 11,63,-7,9,-19,-16,-20,-13,-14,-13,-20,0,-13,0,-9,0,-8,-20,-75,-68,-67,-68,-172,-100,-100,-127,-367,-375,-452,-461,-538,-511,-542,-531,-541,-525,-504,-505,-951,-948,-991,-972,-1191,-761,-1879,-1868,-1681,-1260,-1858,-1753,-1737,-616,-29998,-29999,-29999]} 1. e4 c5 2. Nc3 Nc6 3. Nf3 d6 4. Bc4 Nf6 5. d3 e6 6. O-O Be7 7. a3 {B50: Sicilian: 2...d6, Miscellaneous} O-O 8. Ba2 a6 9. Ne2 {The position is equal.} (9. Re1 b5 10. Ne2 Nh5 11. d4 cxd4 12. Nexd4 Nxd4 13. Nxd4 {1-0 (95) Artemiev,V (2703)-Kokarev,D (2595) Kazan 2018}) 9... b5 10. Ng3 Bb7 11. c3 Rc8 12. h3 $146 ({Predecessor:} 12. Ng5 d5 13. Qe2 h6 14. exd5 exd5 {0-1 (27) Jehn,D (1503)-Anliker,P (1778) Bergen 2012}) 12... Qc7 13. Bg5 Ne5 14. Nh2 (14. Nxe5 $11 dxe5 15. Nh5) 14... c4 $36 {[%mdl 2048] Black has the initiative.} 15. d4 Nd3 16. Qe2 {[#]} (16. Bxf6 $15 Bxf6 17. Qe2) 16... Nd5 ({Better is} 16... Nxe4 $1 $19 17. Nxe4 f5 18. Bxe7 Qxe7) 17. Bd2 N5f4 18. Qg4 $2 {[#]} (18. Bxf4 $17 Nxf4 19. Qg4) 18... f5 $1 $19 {[%cal Rf5g4]} 19. exf5 exf5 ({Less strong is} 19... Qc6 20. Nf3 $15) 20. Nxf5 {[#]} Rxf5 $1 {[%mdl 512]} 21. Qxf5 Rf8 22. Qg4 {intending Bb1.} h5 23. Qd1 Bxg2 {[%mdl 64] Double Attack, Trapped Piece} 24. Bxf4 (24. f3 $142 Bxh3 25. Bb1) 24... Nxf4 25. Re1 Bd5 26. f3 Bh4 27. Re3 Nxh3+ 28. Kg2 Nf2 29. Qe2 Qd8 {( -> ...Qg5+)} 30. Rg1 Qd7 (30... Qg5+ $142 31. Kf1 Ng4 32. Rxg4 hxg4) 31. Rf1 Qh3+ 32. Kg1 Qg3# {Accuracy: White = 19%, Black = 64%.} 0-1

[Event "BL 2018-19"]
[Site "Berlin"]
[Date "2019.03.03"]
[Round "11.26"]
[White "Nisipeanu, Liviu-Dieter"]
[Black "Kindermann, Stefan"]
[Result "1/2-1/2"]
[WhiteElo "2674"]
[BlackElo "2500"]
[Annotator "TA"]
[PlyCount "84"]
[EventDate "2018.11.10"]
[EventType "team-tourn"]
[EventCountry "GER"]
[SourceTitle "playchess.com"]
[Source "ChessBase"]
[SourceQuality "1"]
[WhiteTeam "Dresden"]
[BlackTeam "Zugzwang Muenchen"]

{[%evp 20,84,-13,-25,-14,-15,-17,-22,-29,-29,-28,-25,-25,-19,-25,-33,-25,-18,0,4,0,0,0,0,0,-22,-18,-5,-16,-17,-12,-39,-39,-39,-39,-39,-39,-39,-39,-64,-17,-17,-17,-17,-17,-17,-17,-17,-17,-39,-17,-32,-32,-39,-39,-39,-39,-39,-28,-31,-17,-17,-17,-17,-17,-17,0]} 1. e4 e6 2. d4 d5 3. Nc3 {[%cal Bb1c3,Bc3e2,Be2f4][%mdl 32]} Nf6 4. e5 Nfd7 5. Nce2 c5 6. c3 Nc6 7. Nf3 {[%cal Bg1f3,Bf3g5,Bg5e6,Be6c7,Bc7b5,Bb5c3][%mdl 32]} Qb6 8. a3 cxd4 9. cxd4 f6 {C11: French: Classical System: 4 e5 and 4 Bg5 dxe4} (9... Na5 10. b4 Nc4 11. Nc3 Qc7 12. Qc2 a5 13. b5 Ndb6 14. Bd3 h6 15. O-O Bd7 16. a4 Bb4 17. Ne2 {½-½ (84) Bida,M (2394)-Balog,I (2559) Arad 2016}) 10. Nf4 fxe5 11. Nxe6 {LiveBook: 3 Games} e4 {Black has an edge.} 12. Nfg5 Nf6 13. Bf4 $1 Bxe6 $1 14. Nxe6 {[#] Strongly threatening Nc7+.} Kf7 15. Nc7 Rd8 16. Nb5 {And now Bc7 would win.} Rc8 $146 {aiming for ...a6.} ({Predecessor:} 16... Rd7 17. Be3 {0-1 (67) Maljutin,E (2340)-Danielian,O Sochi 1990}) 17. Be3 Na5 18. Rb1 a6 19. Nc3 {[#] Hoping for Nxd5!} Qb3 20. Qxb3 Nxb3 21. g4 h6 22. Bg2 (22. Kd1 {seems wilder.} b5 23. Kc2 Na5 24. Be2 Nc4 25. Kb3) 22... Bxa3 {White must now prevent ...Bb4.} 23. Nxd5 $1 Nxd5 24. bxa3 Rc3 25. Bxe4 Nxe3 26. fxe3 Rxe3+ 27. Kf2 Rxe4 28. Rxb3 $15 {[%mdl 4096] Endgame KRR-KRR} b5 29. a4 Rxd4 (29... bxa4 {with more complications.} 30. Rb4 Rhe8 31. Rf1 Rxg4 32. Rxa4 Rg6) 30. axb5 axb5 31. Rxb5 Rxg4 32. Rg1 Rxg1 33. Kxg1 $11 {KR-KR} Rc8 34. Rb6 Rc2 35. Ra6 h5 36. Rb6 Re2 37. Ra6 Re6 38. Ra5 Kg6 39. Kg2 Kh6 40. h4 {The position is equal.} Re4 41. Kg3 Re3+ 42. Kg2 Re4 {Precision: White = 59%, Black = 77%.} 1/2-1/2

[Event "BL 2018-19"]
[Site "Berlin"]
[Date "2019.03.03"]
[Round "11.27"]
[White "Hertneck, Gerald"]
[Black "Vogel, Roven"]
[Result "1/2-1/2"]
[WhiteElo "2492"]
[BlackElo "2462"]
[Annotator "TA"]
[PlyCount "86"]
[EventDate "2018.11.10"]
[EventType "team-tourn"]
[EventCountry "GER"]
[SourceTitle "playchess.com"]
[Source "ChessBase"]
[SourceQuality "1"]
[WhiteTeam "Zugzwang Muenchen"]
[BlackTeam "Dresden"]

{[%evp 13,86,14,14,-7,12,-22,-20,-44,-42,-34,-39,-31,-15,-26,-8,-24,-20,-7,0,-12,-8,-26,0,0,0,-9,-10,-80,-49,-41,-39,-56,-66,-51,-37,-66,-66,-96,-63,-70,-89,-100,-100,-434,-101,-101,-94,-95,-9,-8,-12,-12,-14,-8,0,0,18,26,63,62,39,8,8,8,8,0,0,0,0,-8,-8,-8,-8,-8,8]} 1. d4 d6 2. e4 Nf6 3. Nc3 g6 4. f3 c6 5. Be3 b5 6. a3 Nbd7 7. Qd2 Bg7 8. Bd3 {B07: Pirc Defence: Miscellaneous Systems} (8. g4 h5 9. g5 Nh7 10. h4 Bb7 11. Nge2 Nb6 12. Ng3 Nf8 13. f4 Nfd7 14. f5 Qc7 15. Bd3 O-O-O {1-0 (53) Aakanksha,H (2308)-Frayna,J (2305) Ashkhabad 2017}) 8... a6 9. Nce2 e5 $146 ({Predecessor:} 9... Nb6 10. c3 Be6 11. Qc2 Bc4 12. b3 Bxd3 13. Qxd3 O-O 14. Nh3 Nfd7 15. Rd1 {½-½ (23) Pawlowski,S (2130)-Wierzbicki,S (1982) Wloclawek 2006}) 10. c3 d5 11. Ng3 O-O 12. N1e2 Qc7 13. O-O c5 14. Bh6 Bxh6 15. Qxh6 Bb7 16. Rad1 Rae8 17. dxe5 Nxe5 18. Nf5 gxf5 19. Qg5+ Ng6 20. Qxf6 (20. exf5 $11 {keeps the balance.} Qe5 21. Rf2) 20... fxe4 21. fxe4 dxe4 22. Bc2 Re6 $36 {[%mdl 2048] Black has some pressure.} 23. Qg5 Qe7 24. Qe3 Re5 25. Nf4 Rf5 26. Nh3 Rxf1+ 27. Rxf1 f5 28. g4 $2 {[%mdl 8192] [#]} (28. Nf4 $17) 28... fxg4 $2 (28... f4 $1 $19 {[%cal Rf4e3][%mdl 512] is more deadly.} 29. Nxf4 Qf6 30. Bxe4 Bxe4 31. Qxe4 Nxf4) 29. Rxf8+ $17 Qxf8 30. Ng5 Qf4 ({Black should try} 30... Qf5 $17 31. Nxe4 Bd5) 31. Qxf4 $11 Nxf4 32. Nxe4 Bxe4 33. Bxe4 {[%mdl 4096] Endgame KB-KN} a5 34. Kf2 Kg7 35. Kg3 Ng6 36. Kxg4 Kf6 37. b4 cxb4 {The position is equal.} 38. cxb4 Ne5+ 39. Kh5 a4 {...Nc4 is the strong threat.} 40. Bxh7 Nc4 41. Be4 Nxa3 42. Bc6 $1 Nc2 43. Bxb5 Ke5 {Accuracy: White = 37%, Black = 52%.} 1/2-1/2

[Event "BL 2018-19"]
[Site "Berlin"]
[Date "2019.03.03"]
[Round "11.28"]
[White "Paehtz, Elisabeth"]
[Black "Zysk, Robert"]
[Result "1-0"]
[WhiteElo "2448"]
[BlackElo "2404"]
[Annotator "TA"]
[PlyCount "57"]
[EventDate "2018.11.10"]
[EventType "team-tourn"]
[EventCountry "GER"]
[SourceTitle "playchess.com"]
[Source "ChessBase"]
[SourceQuality "1"]
[WhiteTeam "Dresden"]
[BlackTeam "Zugzwang Muenchen"]

{[%evp 9,57,4,11,0,17,14,21,14,25,25,41,19,26,25,31,30,34,23,62,23,69,63,82,83,78,93,96,51,122,59,80,85,147,151,178,140,472,476,518,510,585,562,655,644,621,646,625,631,1546,1538]} 1. d4 Nf6 2. c4 e6 3. g3 Bb4+ 4. Bd2 a5 5. Bg2 O-O 6. e3 {E00: Catalan Bogo-Indian (3 g3 Bb4+)} Bxd2+ $146 ({Predecessor:} 6... d5 7. cxd5 exd5 8. Ne2 Bd6 9. O-O Re8 10. Nbc3 c6 11. f3 Bf5 12. g4 Bd3 13. g5 Nh5 {0-1 (81) Alonso Rosell,A (2530)-Fedorchuk,S (2633) Linares 2017}) 7. Nxd2 d6 8. Ne2 {The position is equal.} e5 9. O-O exd4 10. Nxd4 Nbd7 11. Qc2 Re8 12. Nb1 Ne5 13. b3 d5 14. Nd2 Bg4 15. h3 Bh5 16. f4 Nc6 17. Nxc6 bxc6 18. Rfe1 {Threatens to win with g4.} d4 {[#]} (18... h6 $14) 19. g4 (19. Nf1 $1 $16) 19... dxe3 20. Nf3 $36 {[%mdl 2048] White has strong initiative.} Nxg4 (20... Qd6 $142) 21. hxg4 $16 Bxg4 22. Ne5 Bh5 $2 {[%mdl 8192]} (22... Qd2 $16 23. Rec1 Bh5) 23. Rxe3 $18 {White is clearly winning.} Qd4 24. Rae1 Qxf4 25. Bxc6 {[%mdl 64] Double Attack} Rad8 26. Bxe8 Rxe8 27. Qf2 Qg5+ 28. Qg2 Qf4 {[#]} 29. Nd7 $1 {[%mdl 512] Accuracy: White = 72%, Black = 16%.} 1-0

[Event "BL 2018-19"]
[Site "Berlin"]
[Date "2019.03.03"]
[Round "11.29"]
[White "Schramm, Christian"]
[Black "Neef, Maximilian"]
[Result "1/2-1/2"]
[WhiteElo "2371"]
[BlackElo "2479"]
[Annotator "TA"]
[PlyCount "196"]
[EventDate "2018.11.10"]
[EventType "team-tourn"]
[EventCountry "GER"]
[SourceTitle "playchess.com"]
[Source "ChessBase"]
[SourceQuality "1"]
[WhiteTeam "Zugzwang Muenchen"]
[BlackTeam "Dresden"]

{[%evp 12,196,15,-18,-21,-18,-11,-18,-5,-30,-31,-27,-20,-14,-9,-24,-21,-26,-16,-14,-12,-10,0,-16,-7,-25,-17,-13,-13,-16,-12,-20,-17,-23,-20,-22,-17,-18,-19,-21,-12,-16,-10,-11,-11,-16,-7,-7,-6,-6,14,-14,-4,-4,-3,0,0,0,0,0,0,-10,0,-10,-11,-12,-12,-13,-8,-15,-5,-11,0,-8,0,-8,0,-15,-8,-16,-8,-9,-8,-16,-10,-9,-9,-16,-16,-18,-18,-25,-14,-20,-14,-27,-27,-15,-14,-60,-60,-68,-58,-79,-58,-79,-58,-91,-58,-75,-58,-60,-51,-52,-51,-51,-50,-75,0,-75,-51,-65,-50,-50,0,-51,-25,-51,0,-25,0,-25,0,-27,0,-27,-27,-27,0,-165,-189,-172,-25,-25,-25,-28,0,-95,-105,-159,0,0,0,0,0,0,0,0,0,0,0,0,0,0,0,0,0,0,0,0,0,0,0,0,0,0,0,0,0,0,0,0,0,0,0,0,0]} 1. e4 e6 2. d4 d5 3. exd5 exd5 4. Nf3 Bd6 5. Bd3 Nc6 6. Nc3 {C01: French: Exchange Variation} Nge7 7. h3 {LiveBook: 3 Games} Nb4 8. Bb5+ (8. Nb5 Nxd3+ 9. Qxd3 Bf5 10. Qc3 O-O 11. O-O c6 12. Nxd6 Qxd6 13. Re1 Rfe8 {½-½ (22) Anand,V (2759)-So,W (2778) Leuven 2018}) 8... c6 9. Ba4 $1 O-O 10. a3 Na6 11. O-O $146 ({Predecessor:} 11. Ne2 Nc7 12. c3 Bf5 13. Bc2 Qd7 14. O-O {0-1 (66) Aguilera Suarez,A (1799)-De la Cruz Sanchez,C (2256) Las Palmas 2013}) 11... Bf5 12. Ne2 Qc7 13. c3 Ng6 14. Bc2 Bxc2 15. Qxc2 Rae8 16. Be3 Re7 17. Rae1 Rfe8 18. Nc1 h6 19. Nd3 Qd7 20. Bc1 Re4 21. Nd2 Rxe1 22. Rxe1 Rxe1+ 23. Nxe1 Qe7 24. Ndf3 Nc7 25. Kf1 Ne6 26. Qf5 Qc7 27. g3 Qb6 28. Kg2 Qb5 29. Qd3 Qa5 30. h4 Ngf8 31. Qf5 g6 32. Qc2 h5 33. Nd3 Nd7 34. Ng5 {[#] Nxe6 is the strong threat.} Ndf8 35. Nf3 Qd8 36. Nde5 Qe8 37. Bh6 Nd7 38. Nxd7 Qxd7 39. Qe2 Qe7 {And now ...Nf4+! would win.} 40. Kf1 Qf6 41. Qd3 Qd8 42. Qe2 Qf6 43. Qd3 Qe7 44. Qe2 f6 45. Bc1 Qd7 46. Ne1 Ng7 47. Kg2 Qf5 48. Qf3 Qe6 49. Qe3 Kf7 50. Qxe6+ Kxe6 $11 {[%mdl 4096] Endgame KBN-KBN} 51. Nc2 Kf5 52. f3 g5 {[%cal Bg6g5,Bg5g4][%mdl 32]} 53. Kh3 g4+ 54. Kg2 $1 Kg6 55. Ne3 f5 $1 56. f4 Ne8 57. Bd2 Be7 58. Kf1 Nd6 59. Ke2 Kf6 60. Be1 Ke6 61. Kd3 Ne4 62. a4 c5 63. b3 a6 64. Nc2 Bf6 ({Better is} 64... b5 $17 {aiming for ...c4+.} 65. axb5 axb5) 65. Ne3 (65. a5 $11 {keeps the balance.}) 65... Bd8 66. Nc2 Bb6 67. Ne3 Nd6 68. Bd2 (68. dxc5 $1 $11 Bxc5 69. Nc2) 68... Ba7 69. Be1 b5 (69... cxd4 $15 70. cxd4 Bb8) 70. axb5 Nxb5 {[%cal Rc5d4]} 71. Nc2 Nd6 72. Ne3 Bb6 73. Bd2 Ne4 {Threatens to win with ...cxd4.} 74. Be1 Ba5 75. dxc5 $2 (75. Nc2 $11 {and White stays safe.}) 75... Nxc5+ $19 76. Kc2 {Black must now prevent b4.} Bb6 (76... d4 $1 $19 {[%cal Rd4e3]} 77. Nd1 d3+ 78. Kd2 Nxb3+ 79. Kxd3 Nc5+ 80. Kc4 Ne4) 77. Nf1 Ne4 78. Kd3 Kd6 79. Kc2 (79. Ne3 $11) 79... Bg1 $17 80. Kd3 {[#]} (80. Nd2 $142) 80... Kc5 $2 ({Black should try} 80... Nc5+ $1 $17 81. Kc2 Kc6) 81. Ne3 $11 {The position is equal.} Bxe3 82. Kxe3 {KB-KN} Kd6 83. Kd3 Nc5+ 84. Kc2 Kc6 85. Bf2 Ne4 86. Be1 a5 87. Kd3 Nc5+ 88. Kc2 a4 89. bxa4 Nxa4 {Strongly threatening ...Nc5.} 90. Bf2 Kb5 91. Be3 Nb6 (91... Kc4 $5 92. Bd4 $8 Kb5 $11) 92. Bxb6 Kxb6 {KP-KP} 93. Kb2 $1 Kc5 94. Kc1 $1 d4 (94... Kc4 $5 95. Kc2 $8 d4 96. cxd4 Kxd4 $11) 95. cxd4+ Kc4 (95... Kxd4 $5 96. Kd2 $8 Ke4 $11) 96. Kc2 Kxd4 97. Kd2 $1 Ke4 {( -> ...Kf3)} 98. Ke2 Kd4 {Precision: White = 54%, Black = 44%.} 1/2-1/2

[Event "BL 2018-19"]
[Site "Berlin"]
[Date "2019.03.03"]
[Round "11.30"]
[White "Boensch, Uwe"]
[Black "Gerigk, Erasmus"]
[Result "0-1"]
[WhiteElo "2553"]
[BlackElo "2355"]
[Annotator "ChessBase"]
[PlyCount "114"]
[EventDate "2018.11.10"]
[EventType "team-tourn"]
[EventCountry "GER"]
[SourceTitle "playchess.com"]
[Source "ChessBase"]
[SourceQuality "1"]
[WhiteTeam "Dresden"]
[BlackTeam "Zugzwang Muenchen"]
[TimeControl "40/6000+30:3000+30"]

1. d4 {[%emt 0:00:00]} Nf6 {[%emt 0:00:00]} 2. c4 {[%emt 0:00:00]} e6 {[%emt 0:00:00]} 3. Nf3 {[%emt 0:00:00]} d5 {[%emt 0:00:00]} 4. Nc3 {[%emt 0:00:03]} dxc4 {[%emt 0:00:19]} 5. e3 {[%emt 0:00:11]} a6 {[%emt 0:00:25]} 6. a4 {[%emt 0:00:07]} c5 {[%emt 0:00:22]} 7. Bxc4 {[%emt 0:00:07]} Nc6 {[%emt 0:00:35]} 8. O-O {[%emt 0:00:11]} Be7 {[%emt 0:00:48]} 9. b3 {[%emt 0:04:59]} O-O {[%emt 0:02:14]} 10. Bb2 {[%emt 0:00:59]} cxd4 {[%emt 0:04:00]} 11. exd4 {[%emt 0:00:13]} Nb4 {[%emt 0:01:46]} 12. Ne5 {[%emt 0:03:15]} b6 {[%emt 0:13:43]} 13. f4 {[%emt 0:17:26]} g6 {[%emt 0:05:47]} 14. Qf3 {[%emt 0:09:50]} Ra7 {[%emt 0:11:51]} 15. Rad1 {[%emt 0:01:26]} Bb7 {[%emt 0:03:03]} 16. Qh3 {[%emt 0:00:59]} Nbd5 {[%emt 0:04:35]} 17. Ne2 {[%emt 0:05:35]} Ba8 {[%emt 0:08:37]} 18. Bc1 {[%emt 0:38:55]} Ne4 {[%emt 0:24:46]} 19. f5 {[%emt 0:08:44]} exf5 {[%emt 0:01:06]} 20. Bh6 {[%emt 0:00:29]} Re8 {[%emt 0:01:32]} 21. Rxf5 {[%emt 0:01:38]} gxf5 {[%emt 0:02:27]} 22. Qxf5 {[%emt 0:02:03]} Bg5 {[%emt 0:02:03]} 23. Bxg5 {[%emt 0:02:38]} Qxg5 {[%emt 0:04:08]} 24. Qxe4 {[%emt 0:00:31]} Ne3 {[%emt 0:05:44]} 25. Nxf7 {[%emt 0:00:19]} Bxe4 {[%emt 0:01:01]} 26. Nxg5+ {[%emt 0:00:08]} Nxc4 {[%emt 0:00:28]} 27. bxc4 {[%emt 0:00:55]} Bc2 {[%emt 0:01:28]} 28. Rd2 {[%emt 0:00:08]} Bxa4 {[%emt 0:00:07]} 29. Nc3 {[%emt 0:02:01]} Bc6 {[%emt 0:01:54]} 30. d5 {[%emt 0:00:11]} Bd7 {[%emt 0:00:23]} 31. Nge4 {[%emt 0:05:02]} Kg7 {[%emt 0:02:11]} 32. Rb2 {[%emt 0:00:13]} b5 {[%emt 0:04:44]} 33. cxb5 {[%emt 0:04:26]} axb5 {[%emt 0:02:34]} 34. Nc5 Rc8 {[%emt 0:01:19]} 35. N3e4 {[%emt 0:01:58]} Be8 {[%emt 0:00:47]} 36. d6 {[%emt 0:00:30]} Bc6 {[%emt 0:00:31]} 37. Nc3 {[%emt 0:01:26]} Rb8 {[%emt 0:00:30]} 38. Ne6+ {[%emt 0:00:33]} Kg6 {[%emt 0:00:14]} 39. Nd4 {[%emt 0:00:14]} Bd7 {[%emt 0:00:09]} 40. Rb4 {[%emt 0:00:59]} Ra6 {[%emt 0:01:08]} 41. Nf3 {[%emt 0:01:10]} Rxd6 {[%emt 0:09:58]} 42. Ne5+ {[%emt 0:00:17]} Kf6 {[%emt 0:04:30]} 43. Nxd7+ {[%emt 0:00:35]} Rxd7 {[%emt 0:00:06]} 44. Rxb5 {[%emt 0:00:29]} Rxb5 {[%emt 0:00:12]} 45. Nxb5 {[%emt 0:00:01]} Rd3 {[%emt 0:00:19]} 46. Na7 {[%emt 0:14:27]} Rc3 {[%emt 0:13:26]} 47. Nb5 {[%emt 0:00:31]} Rc1+ {[%emt 0:01:37]} 48. Kf2 {[%emt 0:00:01]} Ke5 {[%emt 0:00:33]} 49. h3 {[%emt 0:20:08]} Rc2+ {[%emt 0:03:15]} 50. Kf3 {[%emt 0:05:27]} Rc5 {[%emt 0:01:36]} 51. Na7 {[%emt 0:00:08]} Kd6 {[%emt 0:01:29]} 52. g4 {[%emt 0:00:40]} Kc7 {[%emt 0:00:17]} 53. h4 {[%emt 0:00:53]} Kb7 {[%emt 0:01:12]} 54. g5 {[%emt 0:00:22]} Kxa7 {[%emt 0:00:24]} 55. Kg4 {[%emt 0:00:22]} Kb7 {[%emt 0:00:46]} 56. h5 {[%emt 0:00:06]} Kc7 {[%emt 0:00:35]} 57. g6 {[%emt 0:00:16]} h6 {[%emt 0:00:12]} 0-1